000 00391nam a2200157Ia 4500
008 210716s1987 xx 000 0 und d
020 _a74515365
041 _aeng
082 _a005.362 BALE
100 _aBalagurusamy, E.
245 _aProgramming in basic.
250 _a1
260 _aNew Delhi
_bTata McGraw Hill Publishing Company Ltd
_c1987
300 _axii,216
650 _aNone
999 _c180751
_d180751